Normal view MARC view

Entry Personal Name

Number of records used in: 1

001 - CONTROL NUMBER

  • control field: 1353

003 - CONTROL NUMBER IDENTIFIER

  • control field: DLC

005 - DATE AND TIME OF LATEST TRANSACTION

  • control field: 20200120142423.0

008 - FIXED-LENGTH DATA ELEMENTS

  • fixed length control field: 040924n| acannaabn |n aaa

010 ## - LIBRARY OF CONGRESS CONTROL NUMBER

  • LC control number: n 2004112059

040 ## - CATALOGING SOURCE

  • Original cataloging agency: DLC
  • Language of cataloging: eng
  • Transcribing agency: DLC

100 1# - HEADING--PERSONAL NAME

  • Personal name: Srinivasan, Mandyam M.

670 ## - SOURCE DATA FOUND

  • Source citation: Srinivasan, Mandyam M. Streamlined, c2004:
  • Information found: CIP t.p. (Mandyam M. Srinivasan, Univ. of Tenn., Knoxville)

Powered by Koha